00423nam a2200169Ia 4500008004100000041001200041082001200053100003900065245003000104365000800134520001300142546001200155630003000167650001300197655001300210730003000223101110s9999 xx 000 0 und d aENGLISH bSR24406 aAcharya W. K. and Jain Khushput S. aExport marketing (TYBCOM) b110 aCommerce aENGLISH aExport marketing (TYBCOM) aCommerce aCommerce aExport marketing (TYBCOM)